000
00215nam a2200097Ia 4500
005
20251222114350.0
008
251222s1900||||xx |||||||||||||| ||spa||
082
_a
DVD0070/D98/2009
245
0
_a
El premio:
942
_c
DVD
999
_c
1200
_d
1200